01511nam 2200181 45000010005000000100022000051000041000271010008000682000108000762100042001842150018002263300975002446060018012196060013012377000034012507010025012848010020013095194 a978-2-940587-37-7 a20190729k u||y0frey50 ba afre aLes archivesbBrochureeutilité publique, exigence démocratiquefBarbara Roth-Lochner, Alain Dubois aGenèvecL'Esprit de la lettred2023 a121 p.d24 cm aContre les fake news, la désinformation à grande échelle, les Archives semblent un rempart essentiel. Conserver et garantir l’accès à des informations vérifiées, fiables, devient un réel enjeu démocratique. Pourtant il est difficile de se maintenir à la hauteur de cette exigence. Au regard de l’obésité informationnelle, la nécessité de la sélection conduit à des choix cruciaux, bien plus aigus que par le passé. Ces choix doivent prendre en compte non seulement les documents eux-mêmes, papier ou numériques, mais aussi les ressources nécessaires pour assurer leur pérennité. Choix archivistiques, choix politiques et budgétaires, choix d’économie des ressources… Face à ces nouvelles contraintes Barbara Roth-Lochner et Alain Dubois font aujourd’hui le point sur cette évolution, et, à la lumière de leurs expériences, esquissent pistes de réflexion et perspectives pour l’avenir. [4e de couv.] aArchivistique aHistoire aRoth-LochnerbBarbaraf1954-  aDuboisbAlainf1978- aCHbCH-002049-8